Política económica y pensamiento neoliberal

Tallennettuna:
Bibliografiset tiedot
Päätekijä: Hernández, Alcides
Aineistotyyppi: Teksti
Julkaistu: s.l :
Aiheet:
Tagit: Lisää tagi
Ei tageja, Lisää ensimmäinen tagi!

MARC

LEADER 00000 a a2200000 04500
001 14745
003
040 |a CRAI/IIS  |c CRAI/IIS 
090 |a 022200  
100 |a Hernández, Alcides  
245 |a Política económica y pensamiento neoliberal  
260 |a s.l :  
300 |a 20 p.  
650 |a POLITICA ECONOMICA  
650 |a LIBERALISMO  
999 |c 7924  |d 7924